| 000 | 00897njm a22002657a 4500 | ||
|---|---|---|---|
| 005 | 20100914145943.0 | ||
| 006 | a|||||r|||||00| 0 | ||
| 007 | sd ammalaaahaa | ||
| 008 | 100910t xxu||||| |||| 00| 0 eng d | ||
| 028 |
_a3AEX.5029 _bOdeon |
||
| 035 | _aGR-02512 | ||
| 040 | _aSED/VEN | ||
| 100 |
_91184 _aMohemed Rafi |
||
| 245 |
_aChaudhvin ka chand / _hSound Recording _cby Mohemed Rafi, music by ;Ravi |
||
| 260 |
_aDum Dum, India _bOdeon _c1963 |
||
| 300 |
_a1 sound disc : [Gramophone Record] _banalog, 33 1/3 rpm _c12 in. (LP) _fGramophone Records |
||
| 500 | _aBrief record. | ||
| 500 | _aOdeon | ||
| 500 | _aBlack | ||
| 505 | _aPart1Chaudhvin ka chand Part 2 Nahin bhoolegi woh (Barsat ki rat) | ||
| 650 |
_xExcerpts _zIndia _919370 _vFilmi song |
||
| 700 |
_aRavi _920029 |
||
| 942 |
_2ddc _cGR |
||
| 999 |
_c45752 _d45752 |
||